000
00258nam a22001097a 4500
082
_a
355.02 STA'T
100
_a
STACKPOLE, EDWARD J
_9
46590
245
_a
THEY MET AT GETTYSBURZ
260
_a
PENNSYLVANIA
_b
THE STACKPOLE
_c
1959
300
_a
342P
942
_c
BK
999
_c
567910
_d
567910